| 000 | 01018nab a2200313 4500 | ||
|---|---|---|---|
| 003 | BR-BrBNA | ||
| 005 | 20251130114333.0 | ||
| 008 | 251130b bl.||||| |||| 00| 0 por d | ||
| 040 |
_aBR-BrBNA _bpor |
||
| 072 | _aM12 ; Q02 ; E13 ; E14 ; E20 ; E21 ; P01 | ||
| 100 | _aAmorim, Eduardo Marchesi | ||
| 245 |
_aAquacultura brasileira, uma gigante adormecida _bArtigo |
||
| 500 | _a2 illus. | ||
| 650 | _aAQUACULTURA | ||
| 650 | _aCRESCIMENTO | ||
| 650 | _aCADEIA PRODUTIVA | ||
| 650 | _aMANEJO | ||
| 650 | _aPRODUTOR | ||
| 650 | _aFRIGORÍFICO | ||
| 650 | _aINDÚSTRIA ALIMENTÍCIA | ||
| 650 | _aPROGRAMA DE GOVERNO | ||
| 650 | _aPLANEJAMENTO | ||
| 650 | _aLICENCIAMENTO AMBIENTAL | ||
| 650 | _aADOÇÃO DE TECNOLOGIA | ||
| 650 | _aCAPITAL DE GIRO | ||
| 773 | 0 |
_01706 _9348078 _dSão Paulo-SP Editora Três Ltda - E-mail: luizfsa@revistadinheiro.com.br 2004 _o2025-0572 _tDinheiro Rural (Brazil) _x1807-3700 _gv. 9(100) p. 98; (Feb 2013) _wBR2025005242 |
|
| 942 | _cANA | ||
| 999 |
_c339287 _d339287 |
||